Profits method valuation succeeds following further challenge (Record no. 77593)

MARC details
000 -LEADER
fixed length control field 01217cab a2200217 4500
001 - CONTROL NUMBER
control field ##L134619
008 - FIXED-LENGTH DATA ELEMENTS--GENERAL INFORMATION
fixed length control field 060818n2006 000 0 eng u
035 ## - SYSTEM CONTROL NUMBER
System control number (Sirsi) u134619
041 0# - LANGUAGE CODE
Language code of text/sound track or separate title eng
100 1# - MAIN ENTRY--PERSONAL NAME
Personal name Gillham, Barry
245 00 - TITLE STATEMENT
Title Profits method valuation succeeds following further challenge
260 ## - PUBLICATION, DISTRIBUTION, ETC.
Date of publication, distribution, etc. 2006
490 #0 - SERIES STATEMENT
Series statement Journal of Retail and Leisure Property
Volume/sequential designation 5(2) 2006, 162-171(10)
520 ## - SUMMARY, ETC.
Summary, etc. Deals with the assessment of the rental value of shell condition pub restaurants where located on either retail or leisure parks. Should rental valuation be by reference to either direct floor area comparison or by the profits method? In the virtual absence of market lettings of such properties, how is the limited comparable evidence from rent reviews to be compared and contrasted? Looks at two disputed rent review cases resulting in independent expert valuer determinations. [Taken from journal abstract].
590 ## - LOCAL NOTE (RLIN)
Local note IKA220806
651 #4 - SUBJECT ADDED ENTRY--GEOGRAPHIC NAME
Geographic name United Kingdom
Chronological subdivision
690 ## - LOCAL SUBJECT ADDED ENTRY--TOPICAL TERM (OCLC, RLIN)
Topical term or geographic name as entry element PROPERTY-COMMERCIAL PROPERTY-LEISURE PROPERTY-REFRESHMENT AND CULINARY PROPERTY-LICENSED PROPERTY-LICENSED PREMISES
690 ## - LOCAL SUBJECT ADDED ENTRY--TOPICAL TERM (OCLC, RLIN)
Topical term or geographic name as entry element PROPERTY-PROPERTY VALUATION AND APPRAISAL
700 1# - ADDED ENTRY--PERSONAL NAME
Personal name Barnes, Anthony
942 ## - ADDED ENTRY ELEMENTS (KOHA)
Suppress in OPAC 0
Holdings
Withdrawn status Lost status Source of classification or shelving scheme Damaged status Not for loan Home library Current library Shelving location Date acquired Total Checkouts Full call number Barcode Date last seen Copy number Price effective from Koha item type
    Dewey Decimal Classification     London London Journal article 18/08/2006   L134619 134619-1001 06/08/2019 1 06/08/2019 Journal article